Countries of North and South America - Statistics

General Stats
  • This quiz has been taken 43 times
  • The average score is 32 of 36
Answers on the Map
Answers color-coded by a green-red scale on the quiz's map according to % correct below.
 
Answer Stats
Answer % Correct
Canada
100%
Mexico
100%
United States
100%
Argentina
96%
Bolivia
96%
Brazil
96%
Chile
96%
Cuba
96%
Dominican Republic
96%
Haiti
96%
Jamaica
96%
Panama
96%
Paraguay
96%
Peru
96%
Uruguay
96%
Belize
92%
Colombia
92%
Dominica
92%
El Salvador
92%
Honduras
92%
Nicaragua
92%
Venezuela
92%
Bahamas
88%
Costa Rica
88%
Guyana
88%
Ecuador
84%
Guatemala
84%
Suriname
84%
Barbados
80%
Saint Kitts and Nevis
80%
Saint Lucia
80%
Saint Vincent and the Grenadines
80%
Antigua and Barbuda
76%
Trinidad and Tobago
76%
Grenada
72%
France
20%
No matching quizzes found
Score Distribution
Percent of People with Each Score
Percentile by Number Answered
Your Score History
You have not taken this quiz